Detail in contemporary landscape architecture / (Record no. 353770)
[ view plain ]
| 000 -LEADER | |
|---|---|
| fixed length control field | 01481nam a2200277 a 4500 |
| 001 - CONTROL NUMBER | |
| control field | ASIN1780670230 |
| 003 - CONTROL NUMBER IDENTIFIER | |
| control field | OSt |
| 005 - DATE AND TIME OF LATEST TRANSACTION | |
| control field | 20180116192417.0 |
| 008 - FIXED-LENGTH DATA ELEMENTS--GENERAL INFORMATION | |
| fixed length control field | 130730s2012 xxu eng d |
| 020 ## - INTERNATIONAL STANDARD BOOK NUMBER | |
| International Standard Book Number | 9781780670232 (paperback) |
| 020 ## - INTERNATIONAL STANDARD BOOK NUMBER | |
| International Standard Book Number | 9781780670232 (paperback) |
| Terms of availability | $29.95 |
| 040 ## - CATALOGING SOURCE | |
| Transcribing agency | 00 |
| 050 04 - LIBRARY OF CONGRESS CALL NUMBER | |
| Classification number | SB476.4 |
| 082 04 - DEWEY DECIMAL CLASSIFICATION NUMBER | |
| Classification number | 712.0222 |
| 100 1# - MAIN ENTRY--PERSONAL NAME | |
| Personal name | McLeod, Virginia. |
| 9 (RLIN) | 6845 |
| 245 10 - TITLE STATEMENT | |
| Title | Detail in contemporary landscape architecture / |
| Statement of responsibility, etc. | Virginia McLeod. |
| 250 ## - EDITION STATEMENT | |
| Edition statement | Pap/Chrt ed. |
| 260 ## - PUBLICATION, DISTRIBUTION, ETC. | |
| Place of publication, distribution, etc. | London : |
| Name of publisher, distributor, etc. | Laurence King Publishers, |
| Date of publication, distribution, etc. | 2012. |
| 300 ## - PHYSICAL DESCRIPTION | |
| Extent | 192 p. ; |
| Dimensions | 29 cm. |
| 520 ## - SUMMARY, ETC. | |
| Summary, etc. | Featuring many of the world's most highly acclaimed landscape architects, this book presents 40 of the most recently completed and influential landscape designs. Each project is presented with color photographs, site plans and sections as well as numerous consistently styled construction details. Intended for architects, engineers and landscape architects, the book will also be invaluable for architecture, garden and landscape design students, for whom it will be a resource not only for understanding the work of the best contemporary landscape architects, but also as a tool for their own design work. |
| 650 #0 - SUBJECT ADDED ENTRY--TOPICAL TERM | |
| Topical term or geographic name entry element | Architecture--Details |
| 9 (RLIN) | 6846 |
| 650 #0 - SUBJECT ADDED ENTRY--TOPICAL TERM | |
| Topical term or geographic name entry element | Landscape architecture |
| 9 (RLIN) | 6847 |
| 856 40 - ELECTRONIC LOCATION AND ACCESS | |
| Materials specified | Amazon.com |
| Uniform Resource Identifier | <a href="http://www.amazon.com/exec/obidos/ASIN/1780670230/chopaconline-20">http://www.amazon.com/exec/obidos/ASIN/1780670230/chopaconline-20</a> |
| 942 ## - ADDED ENTRY ELEMENTS (KOHA) | |
| Source of classification or shelving scheme | |
| Koha item type | Book |
| Withdrawn status | Lost status | Source of classification or shelving scheme | Damaged status | Not for loan | Permanent Location | Current Location | Date acquired | Total Checkouts | Total Renewals | Full call number | Barcode | Date last seen | Date last checked out | Cost, replacement price | Price effective from | Koha item type | Copy number |
|---|---|---|---|---|---|---|---|---|---|---|---|---|---|---|---|---|---|
| School of Art Design and Architecture (SADA) | School of Art Design and Architecture (SADA) | 06/20/2013 | 1 | 1 | 712.0222 MCL 2012 | SADA0002041 | 05/30/2014 | 05/07/2014 | 2766.00 | 08/01/2013 | Book | ||||||
| School of Art Design and Architecture (SADA) | School of Art Design and Architecture (SADA) | 05/06/2015 | CD 712.0222 MCL 2012 | SADA0002473 | 01/05/2017 | 01/05/2017 | 01 |
